[Event "AUTO-ADV-4472"]
[Site "http://www.queenalice.com/game.php?id=1645801"]
[Date "2021.3.6"]
[Round "1"]
[White "o3bor52"]
[Black "JPC93"]
[Result "1-0"]
[WhiteElo "1873"]
[BlackElo "1804"]

1. e4 d5 2. exd5 Nf6 3. d4 Bg4 4. f3 Bf5 5. c4 c6 6. dxc6 Nxc6 7. Be3 e5 8. d5
Bb4+ 9. Nc3 Ne7 10. g4 Bg6 11. Qa4+ Nd7 12. Qxb4 b6 13. h4 f5 14. h5 Bf7 15. Bg2
Rc8 16. Nb5 O-O 17. Nxa7 Rb8 18. d6 1-0

[Event "AUTO-ADV-4472"]
[Site "http://www.queenalice.com/game.php?id=1645802"]
[Date "2021.3.6"]
[Round "1"]
[White "JPC93"]
[Black "o3bor52"]
[Result "0-1"]
[WhiteElo "1792"]
[BlackElo "1845"]

1. d4 e6 2. Nf3 c5 3. c4 cxd4 4. Nxd4 Nf6 5. Nc3 Bb4 6. g3 Ne4 7. Bd2 Nxc3 8.
Bxc3 Bxc3+ 9. bxc3 Na6 10. Bg2 Nc5 11. O-O O-O 12. Rb1 a6 13. Nb3 Qe7 14. Nxc5
Qxc5 15. Bxb7 Bxb7 16. Rxb7 d6 17. Qd3 d5 18. cxd5 Qxd5 19. Rb4 g6 20. Rd1 Qxa2
21. Qe3 Qa5 22. Rdd4 Qc7 23. c4 Ra7 24. Rd3 Rfa8 25. Rc3 Qe7 26. c5 Rc7 27. h4
Kg7 28. Kg2 h6 29. Rbc4 Rc6 30. Qd4+ f6 31. f4 Rd8 32. Qe4 Rd5 33. h5 f5 34. Qf3
Rcxc5 35. Rxc5 Rxc5 36. Rxc5 Qxc5 37. Qb7+ Kf6 38. Qxa6 Qd5+ 39. Kh3 Qh1# 0-1

[Event "AUTO-ADV-4472"]
[Site "http://www.queenalice.com/game.php?id=1645813"]
[Date "2021.3.6"]
[Round "1"]
[White "rodrigofortes"]
[Black "JPC93"]
[Result "0-1"]
[WhiteElo "1759"]
[BlackElo "1789"]

1. e4 e6 2. d4 d5 3. e5 c5 4. c3 Nc6 5. Nf3 Bd7 6. b4 cxd4 7. Nxd4 Nxd4 8. Qxd4
Ne7 9. Bg5 Qc7 10. Bd3 Ng6 11. O-O Nxe5 12. f4 Nxd3 13. Qxd3 a6 14. a4 Bd6 15.
Qe3 O-O 16. Qg3 f6 17. Bh6 Rf7 18. Qg4 Kh8 19. Qh5 Raf8 20. f5 gxh6 21. Qxh6
exf5 22. Rf3 f4 23. Nd2 Be5 24. Rd3 Bc6 25. Nf3 Rg8 26. Nh4 Rfg7 27. h3 d4 28.
cxd4 Bxg2 29. Ra2 Qc1+ 30. Kh2 Qh1# 0-1

[Event "AUTO-ADV-4472"]
[Site "http://www.queenalice.com/game.php?id=1645814"]
[Date "2021.3.6"]
[Round "1"]
[White "JPC93"]
[Black "rodrigofortes"]
[Result "1-0"]
[WhiteElo "1768"]
[BlackElo "1757"]

1. d4 e6 2. Nf3 b6 3. e4 d5 4. Bd3 c5 5. O-O c4 6. Be2 dxe4 7. Ne5 b5 8. Nc3 f6
9. Ng4 f5 10. Ne5 Nd7 11. Nxb5 a6 12. Nc3 Ngf6 13. Bxc4 Nb6 14. Bb3 Nfd5 15.
Nxd5 exd5 16. Be3 Bd6 17. Qh5+ g6 18. Nxg6 Rg8 19. Ne5+ Rg6 20. Nxg6 hxg6 21.
Qxg6+ Ke7 22. Bg5+ 1-0

[Event "AUTO-ADV-4472"]
[Site "http://www.queenalice.com/game.php?id=1645819"]
[Date "2021.3.6"]
[Round "1"]
[White "jeffcom2f"]
[Black "JPC93"]
[Result "0-1"]
[WhiteElo "1823"]
[BlackElo "1791"]

1. e4 e5 2. d4 exd4 3. Qxd4 Nc6 4. Qd1 Nf6 5. Nc3 Bb4 6. Bd3 O-O 7. Nf3 Re8 8.
Bg5 d5 9. Bxf6 Qxf6 10. O-O Bxc3 11. bxc3 dxe4 12. Re1 Bf5 13. Bb5 exf3 14.
Rxe8+ Rxe8 15. Qxf3 Bxc2 16. Qxf6 gxf6 17. h3 Rd8 18. Rc1 Be4 19. Re1 Bd5 20.
Rd1 Na5 21. c4 c6 22. Ba4 Nxc4 23. Bb3 Na5 24. Bc2 b5 25. Be4 Nc4 26. g4 Re8 27.
Bxd5 cxd5 28. Rxd5 a6 29. Kg2 h6 30. Rf5 Re6 0-1

[Event "AUTO-ADV-4472"]
[Site "http://www.queenalice.com/game.php?id=1645820"]
[Date "2021.3.6"]
[Round "1"]
[White "JPC93"]
[Black "jeffcom2f"]
[Result "0-1"]
[WhiteElo "1808"]
[BlackElo "1800"]

1. d4 d5 2. c4 e6 3. Nf3 Nf6 4. e3 c5 5. cxd5 Nxd5 6. Nc3 Nxc3 7. bxc3 cxd4 8.
cxd4 Nc6 9. Bb5 a6 10. Ba4 b5 11. Bb3 Be7 12. O-O O-O 13. Bb2 Na5 14. Bc2 Nc4
15. Bc3 Bb7 16. Qb1 Bxf3 17. Be4 Bxe4 18. Qxe4 Qd5 19. Qc2 b4 20. Bb2 Nxb2 21.
Qxb2 a5 22. Rac1 Rac8 23. Rcd1 Rc3 24. Rfe1 Rfc8 25. e4 Qc4 26. Qe2 Qc7 27. Ra1
Rc2 28. Qe3 h6 29. g3 Bg5 30. f4 Be7 31. h4 Rc3 32. Qf2 g5 33. Qg2 Qc4 34. Red1
Rc2 35. Qf3 gxf4 36. Qxf4 Qe2 37. Qf1 Qh2# 0-1

[Event "Challenge"]
[Site "http://www.queenalice.com/game.php?id=1649211"]
[Date "2021.4.9"]
[Round "-"]
[White "MADMIKE"]
[Black "JPC93"]
[Result "0-1"]
[WhiteElo "1762"]
[BlackElo "1778"]

1. d4 d6 2. e4 g6 3. h3 Bg7 4. Nf3 b6 5. c3 Bb7 6. d5 c6 7. c4 cxd5 8. cxd5 Nf6
9. Bb5+ Nbd7 10. O-O Nxe4 11. Nc3 Nxc3 12. bxc3 Bxc3 13. Rb1 O-O 14. Bh6 Bg7 15.
Bxg7 Kxg7 16. Qd4+ e5 17. Qd2 Nf6 18. Bc4 Rc8 19. Bb3 Rc5 20. Rfe1 Bxd5 21. Bxd5
Nxd5 22. Rbc1 Rxc1 23. Rxc1 Nf4 24. Qe3 Qa8 25. a4 Rc8 26. Rd1 Rc6 27. Qe4 f5
28. Nxe5 fxe4 29. Nxc6 Qxc6 30. h4 e3 31. f3 Qxa4 32. Rxd6 Qa1+ 33. Kh2 e2 0-1

[Event "Challenge"]
[Site "http://www.queenalice.com/game.php?id=1649212"]
[Date "2021.4.9"]
[Round "-"]
[White "JPC93"]
[Black "MADMIKE"]
[Result "1-0"]
[WhiteElo "1793"]
[BlackElo "1732"]

1. d4 d5 2. c4 e6 3. Nf3 Nc6 4. Nc3 h6 5. e3 Nf6 6. cxd5 exd5 7. Be2 Be7 8. a3
O-O 9. h3 a6 10. O-O Ne4 11. Bd3 Nxc3 12. bxc3 b5 13. Re1 f5 14. Qb3 Na5 15. Qc2
c5 16. dxc5 Bxc5 17. Bb2 Bd6 18. Nd4 Bd7 19. Nb3 Nc4 20. Nd4 Nxb2 21. Qxb2 f4
22. e4 dxe4 23. Bxe4 Rc8 24. Bd5+ Kh8 25. Be6 Rf6 26. Bxd7 Qxd7 27. f3 Bc5 28.
Kh2 Bxd4 29. cxd4 Rd6 30. Re4 Rc4 31. Rd1 a5 32. Rxf4 Qe7 33. Re4 Qd7 34. h4 Rd5
35. g4 Qd8 36. Kh3 b4 37. Rde1 Qd7 38. Rd1 bxa3 39. Qxa3 Qd8 40. Rde1 Kh7 41.
Qd3 1-0

[Event "Challenge"]
[Site "http://www.queenalice.com/game.php?id=1649784"]
[Date "2021.4.16"]
[Round "-"]
[White "JPC93"]
[Black "crisvolei"]
[Result "1-0"]
[WhiteElo "1807"]
[BlackElo "1597"]

1. d4 d5 2. c4 dxc4 3. e4 h5 4. Bxc4 e6 5. Nc3 Bb4 6. Nf3 c6 7. Ng5 Nh6 8. Qxh5
O-O 9. O-O Qxd4 10. Qe2 e5 11. Be3 Qd7 12. Rad1 Bd6 13. b4 Bxb4 14. Rxd7 Bxd7
15. Qb2 c5 16. Nd5 Nc6 17. Rd1 Bg4 18. f3 f6 19. Ne6 Bxe6 20. Qb3 Na5 21. Qc2
Nxc4 22. Qxc4 Kh8 23. Qc1 Rac8 24. Bxh6 Rfd8 25. Ne7 Rxd1+ 26. Qxd1 Re8 27.
Bxg7+ Kxg7 28. Nf5+ Kf7 29. Nd6+ Ke7 30. Nxe8 Kxe8 31. Qa4+ Kf7 32. Qxa7 Kg6 33.
a3 Bc3 34. g4 Bd4+ 35. Kg2 b5 36. Qe7 Bf7 37. Kg3 c4 38. h4 c3 39. Qc7 Bc4 40.
h5+ Kh6 41. Qd8 c2 42. Qf8+ Kh7 43. Qe7+ Kg8 44. Qe8+ Kh7 45. Qg6+ Kh8 46. h6
c1=Q 47. Qg7# 1-0

[Event "Challenge"]
[Site "http://www.queenalice.com/game.php?id=1758941"]
[Date "2021.5.8"]
[Round "-"]
[White "carlitomontana93270"]
[Black "JPC93"]
[Result "0-1"]
[WhiteElo "1743"]
[BlackElo "1815"]

1. c4 b6 2. d4 Bb7 3. e3 e6 4. Nf3 Nf6 5. Be2 d5 6. O-O Nbd7 7. Nc3 Bd6 8. b3
Ne4 9. Nd2 Nxc3 10. Qe1 c5 11. Nf3 Nxe2+ 12. Qxe2 h6 13. Bb2 O-O 14. dxc5 Nxc5
15. cxd5 Bxd5 16. Rfe1 Ne4 17. h3 Ng5 18. Nxg5 Qxg5 19. e4 Bb7 20. Bc1 Qe5 21.
f4 Qxa1 22. Be3 Qc3 23. Rc1 Qa5 24. Rd1 Rad8 25. e5 Bc5 26. Bxc5 Qxc5+ 27. Kh1
Rxd1+ 28. Qxd1 Qc6 29. Qd2 Rc8 0-1

[Event "Challenge"]
[Site "http://www.queenalice.com/game.php?id=1758944"]
[Date "2021.5.8"]
[Round "-"]
[White "JPC93"]
[Black "carlitomontana93270"]
[Result "1-0"]
[WhiteElo "1795"]
[BlackElo "1460"]

1. d4 e6 2. Nf3 c5 3. c4 cxd4 4. Nxd4 Nc6 5. e3 Nxd4 6. exd4 d6 7. Nc3 Nf6 8.
Bg5 Be7 9. Be2 O-O 10. b4 b6 11. O-O Bd7 12. Be3 Rc8 13. Qb3 Qe8 14. a4 d5 15.
c5 bxc5 16. dxc5 Rb8 17. b5 Bc8 18. Bd3 Qd8 19. Ne2 Qc7 20. Rac1 e5 21. f4 d4
22. Bf2 Be6 23. Qc2 Rbc8 24. c6 e4 25. Bxe4 Nxe4 26. Qxe4 Bf6 27. Nxd4 Bc4 28.
Rxc4 Rfe8 29. Qf3 Rcd8 30. g3 Qd6 31. c7 Rc8 32. Rfc1 g6 33. Rc6 Qb4 34. Rxf6
Kg7 35. Ra6 Qb2 36. Rxa7 Qxc1+ 37. Kg2 Rxc7 38. Nb3 Qc3 39. Bd4+ Qxd4 40. Nxd4
Rxa7 41. Qc6 Re3 42. b6 Rae7 43. b7 1-0

[Event "AUTO-ADV-4505"]
[Site "http://www.queenalice.com/game.php?id=1761122"]
[Date "2021.6.1"]
[Round "1"]
[White "JPC93"]
[Black "daddyrat"]
[Result "1-0"]
[WhiteElo "1798"]
[BlackElo "1801"]

1. d4 d5 2. Nf3 Nc6 3. Bf4 Nf6 4. e3 e6 5. Bb5 Bd6 6. Bg5 Bd7 7. Bd3 h6 8. Bh4
Be7 9. O-O g5 10. Bg3 Nh5 11. Be5 Nxe5 12. Nxe5 Nf6 13. Nd2 h5 14. a4 a6 15.
Ndf3 Ne4 16. Bxe4 dxe4 17. Nd2 f6 18. Nxd7 Qxd7 19. Nxe4 O-O-O 20. c3 b6 21. b4
f5 22. Ng3 h4 23. Ne2 g4 24. f3 Qd5 25. Nf4 Qd6 26. Ng6 Rh7 27. Nxe7+ Qxe7 28.
fxg4 fxg4 29. Qxg4 Rg7 30. Qe4 Rdg8 31. Ra2 Kb8 32. Rff2 Rg4 33. Qd3 Ka7 34. a5
b5 35. h3 Rg3 36. c4 Qxb4 37. cxb5 Rxh3 38. b6+ cxb6 39. axb6+ Qxb6 40. Rf7+ Kb8
41. Rxa6 Qb1+ 42. Qxb1+ 1-0

[Event "AUTO-ADV-4505"]
[Site "http://www.queenalice.com/game.php?id=1761123"]
[Date "2021.6.1"]
[Round "1"]
[White "daddyrat"]
[Black "JPC93"]
[Result "1-0"]
[WhiteElo "1773"]
[BlackElo "1813"]

1. e4 e6 2. d4 d5 3. e5 c5 4. dxc5 Bxc5 5. Nf3 Nc6 6. c3 Nge7 7. b4 Bb6 8. a4 a5
9. b5 Nb8 10. c4 h6 11. Nc3 Nd7 12. cxd5 Nc5 13. Bc4 O-O 14. O-O exd5 15. Nxd5
Be6 16. Nxb6 Qxb6 17. Bxe6 Nxe6 18. Be3 Qd8 19. Qb3 Ng6 20. Rfd1 Qe7 21. Rd5 Nc7
22. Rc5 Rfd8 23. Qc4 Rac8 24. b6 Na8 25. Rxc8 Rxc8 26. Qxc8+ Qf8 27. Qxb7 Qd8
28. Qa6 f6 29. exf6 gxf6 30. Bxh6 Nxb6 31. Qxa5 Kh7 32. Be3 Ne5 33. Nxe5 fxe5
34. Qxe5 Nxa4 35. Qe4+ Kh8 36. Bd4+ Kg8 37. Qg6+ Kf8 38. Qg7+ Ke8 39. Re1+ Qe7
40. Qxe7# 1-0

[Event "AUTO-ADV-4505"]
[Site "http://www.queenalice.com/game.php?id=1761124"]
[Date "2021.6.1"]
[Round "1"]
[White "JPC93"]
[Black "MarcosT"]
[Result "0-1"]
[WhiteElo "1822"]
[BlackElo "2143"]

1. d4 d5 2. c4 c6 3. Nf3 Nf6 4. Bg5 Nbd7 5. e3 e6 6. cxd5 cxd5 7. Bb5 a6 8. Ba4
Qa5+ 9. Nbd2 Ne4 10. O-O Nxg5 11. Nxg5 Be7 12. Ngf3 O-O 13. a3 b5 14. Bc2 Bb7
15. b4 Qc7 16. Rc1 Qd8 17. Re1 Nf6 18. e4 dxe4 19. Nxe4 Nxe4 20. Bxe4 Bxe4 21.
Rxe4 Rc8 22. Rxc8 Qxc8 23. d5 Rd8 24. g3 Rxd5 25. Qb1 Qd8 0-1

[Event "AUTO-ADV-4505"]
[Site "http://www.queenalice.com/game.php?id=1761125"]
[Date "2021.6.1"]
[Round "1"]
[White "MarcosT"]
[Black "JPC93"]
[Result "1-0"]
[WhiteElo "2083"]
[BlackElo "1828"]

1. e4 e6 2. d4 d5 3. Nd2 f5 4. exf5 Bd7 5. fxe6 Bxe6 6. Ngf3 Nc6 7. Bb5 Bd7 8.
O-O a6 9. Re1+ Nge7 10. Ba4 h6 11. c4 dxc4 12. Nxc4 b5 13. Bc2 bxc4 14. Bg6# 1-0

[Event "AUTO-ADV-4505"]
[Site "http://www.queenalice.com/game.php?id=1761126"]
[Date "2021.6.1"]
[Round "1"]
[White "JPC93"]
[Black "fpferreira"]
[Result "0-1"]
[WhiteElo "1819"]
[BlackElo "2079"]

1. d4 d5 2. c4 dxc4 3. e4 Nc6 4. d5 Ne5 5. Bf4 Ng6 6. Bg3 h5 7. h4 Nf6 8. Nc3 e6
9. Bxc4 exd5 10. exd5 Bd6 11. Bxd6 cxd6 12. Nf3 O-O 13. Qc2 Re8+ 14. Be2 Bg4 15.
O-O-O Rc8 16. Kb1 Nf4 17. Ng1 Nxg2 18. Bf1 Bxd1 19. Nxd1 Rxc2 0-1

[Event "AUTO-ADV-4505"]
[Site "http://www.queenalice.com/game.php?id=1761127"]
[Date "2021.6.1"]
[Round "1"]
[White "fpferreira"]
[Black "JPC93"]
[Result "1-0"]
[WhiteElo "2026"]
[BlackElo "1814"]

1. e4 d5 2. e5 e6 3. d4 Bd7 4. Nf3 c5 5. c3 cxd4 6. cxd4 Nc6 7. Bg5 Bb4+ 8. Nc3
Qa5 9. a3 Be7 10. b4 Qd8 11. Bxe7 Ngxe7 12. Bb5 O-O 13. O-O a6 14. Bxc6 Bxc6 15.
Qd3 Nf5 16. Rfc1 b5 17. Na4 Bd7 18. Nc5 Bc8 19. Rc3 h6 20. Ne1 Qb6 21. h3 f6 22.
g4 Nh4 23. exf6 Rxf6 24. Rac1 Qd6 25. Qe3 Bd7 26. Ng2 Nxg2 27. Kxg2 Raf8 28. Rf1
Bc8 29. Nd3 g5 30. Qc1 Qb8 31. Ne5 Rf4 32. Qc2 Qb7 33. Rc7 Qxc7 34. Qxc7 1-0

[Event "AUTO-ADV-4552"]
[Site "http://www.queenalice.com/game.php?id=1772926"]
[Date "2021.10.23"]
[Round "1"]
[White "JPC93"]
[Black "MMA34"]
[Result "0-1"]
[WhiteElo "1806"]
[BlackElo "1903"]

1. d4 d5 2. Bg5 h6 3. Bh4 Nf6 4. e3 c5 5. Nf3 Nc6 6. Bb5 Bd7 7. Nc3 e6 8. Na4
cxd4 9. Nxd4 Qa5+ 10. Nc3 Be7 11. O-O a6 12. Be2 O-O 13. a3 Rfe8 14. b4 Qc7 15.
Bg3 Qc8 16. b5 Nxd4 17. Qxd4 Bc5 18. Qe5 axb5 19. Nxb5 Bxb5 20. Bxb5 Nd7 21.
Bxd7 Qxd7 22. Rfd1 Red8 23. Qc3 b6 24. Be5 f6 25. Bd4 Rac8 26. Bxc5 bxc5 27. e4
d4 28. Qc4 Kh8 29. a4 Qc6 30. f3 Rb8 31. Rdb1 Rdc8 32. Kf2 Qc7 33. g3 Qc6 0-1

[Event "AUTO-ADV-4552"]
[Site "http://www.queenalice.com/game.php?id=1772927"]
[Date "2021.10.23"]
[Round "1"]
[White "MMA34"]
[Black "JPC93"]
[Result "0-1"]
[WhiteElo "1897"]
[BlackElo "1806"]

1. d4 e6 2. c4 b6 3. Nf3 Bb7 4. Bf4 d5 5. e3 Nf6 6. Be2 Bb4+ 7. Nbd2 Ne4 8. a3
Bd6 9. Nxe4 dxe4 10. Nd2 Bxf4 11. exf4 e3 12. fxe3 Bxg2 13. Rg1 Qh4# 0-1

[Event "AUTO-ADV-4552"]
[Site "http://www.queenalice.com/game.php?id=1772928"]
[Date "2021.10.23"]
[Round "1"]
[White "JPC93"]
[Black "mvson33"]
[Result "1-0"]
[WhiteElo "1826"]
[BlackElo "1664"]

1. d4 Nf6 2. c4 d5 3. Nc3 e6 4. Nf3 dxc4 5. Bg5 Be7 6. e3 O-O 7. Bxc4 b6 8. O-O
Bb7 9. Qc2 Nbd7 10. Rad1 Qc8 11. Be2 c5 12. dxc5 Bxc5 13. Qa4 Bc6 14. Qc2 Qb7
15. a3 Rac8 16. b4 1-0

[Event "AUTO-ADV-4552"]
[Site "http://www.queenalice.com/game.php?id=1772929"]
[Date "2021.10.23"]
[Round "1"]
[White "mvson33"]
[Black "JPC93"]
[Result "0-1"]
[WhiteElo "1641"]
[BlackElo "1816"]

1. e4 e5 2. Nf3 d5 3. Nc3 d4 4. Nb1 Bg4 5. Be2 Nc6 6. d3 Bb4+ 7. Bd2 Nf6 8. O-O
Bxd2 9. Nbxd2 b5 10. h3 Be6 11. Nh2 a5 12. f4 O-O 13. fxe5 Nxe5 14. Nhf3 Ng6 15.
Nxd4 Qxd4+ 16. Kh1 Rfd8 17. c3 Qe3 18. Rf3 Qh6 19. d4 c5 20. Rf2 cxd4 21. cxd4
Rxd4 22. Bf3 Rad8 0-1

[Event "AUTO-ADV-4552"]
[Site "http://www.queenalice.com/game.php?id=1772930"]
[Date "2021.10.23"]
[Round "1"]
[White "JPC93"]
[Black "maurice91"]
[Result "0-1"]
[WhiteElo "1825"]
[BlackElo "1760"]

1. d4 e6 2. e4 d5 3. Bd3 c5 4. Nf3 cxd4 5. Nxd4 Nc6 6. Be3 Nxd4 7. Bxd4 dxe4 8.
Bxe4 Nf6 9. O-O Nxe4 10. c3 Bd7 11. Nd2 Nxd2 12. Qxd2 f6 13. Rfe1 Kf7 14. b4 Be7
15. h4 e5 16. Be3 Qc7 17. a4 Rad8 18. Qb2 Be6 19. Bxa7 b6 20. a5 Qxa7 21. axb6
Qxb6 22. Qe2 Rc8 23. Rec1 Rhd8 24. Kh2 g6 25. Rab1 f5 26. g3 Bf6 27. c4 e4 28.
c5 Qb8 29. b5 Rd3 30. f3 Rcd8 31. Kg1 Bd4+ 32. Kf1 Rxf3+ 0-1